000 00514pab a2200193 454500
008 180718b2010 xxu||||| |||| 00| 0 eng d
100 _aSaikia, Nandita
245 _aHas child mortality in India really increased in the last two decades?
260 _c2010
300 _ap.62-70.
362 _a18 Dec
650 _aChild mortality - India
650 _aChild mortality
700 _aRam, Faujdar
700 _aSingh, Abhishek
773 _aEconomic and Political Weekly
908 _aN
909 _a90179
999 _c90179
_d90179